English soccer players scoring during the UEFA Euro - Statistics

General Stats
  • This quiz has been taken 256 times
    97 since last reset
  • The average score is 17 of 33
Answer Stats
Goals Year(s) Player % Correct
7 2021, 2024 Harry Kane
98%
6 2004, 2012, 2016 Wayne Rooney
88%
7 1996, 2000 Alan Shearer
83%
2 2024 Jude Bellingham
82%
1 2004 Steven Gerrard
82%
3 2004 Frank Lampard
80%
3 2021 Raheem Sterling
77%
1 2024 Bukayo Saka
76%
2 2000, 2004 Michael Owen
71%
2 2000, 2004 Paul Scholes
71%
1 2024 Cole Palmer
66%
1 2021 Harry Maguire
64%
1 2024 Ollie Watkins
64%
1 2021 Luke Shaw
61%
2 1996 Teddy Sheringham
55%
1 2016 Daniel Sturridge
48%
1 2021 Jordan Henderson
47%
1 2016 Jamie Vardy
46%
1 1968 Bobby Charlton
45%
1 1996 Paul Gascoigne
42%
1 2012 Danny Welbeck
41%
1 2012 Theo Walcott
40%
1 2016 Eric Dier
37%
1 2000 Steve McManaman
37%
1 1988 Tony Adams
37%
1 2012 Andy Carroll
34%
1 1992 David Platt
33%
1 1968 Geoff Hurst
25%
1 1988 Bryan Robson
22%
1 2012 Joleon Lescott
19%
1 1980 Ray Wilkins
8%
1 1980 Trevor Brooking
8%
1 1980 Tony Woodcock
6%
No matching quizzes found
Score Distribution
Percent of People with Each Score
Percentile by Number Answered
Your Score History
You have not taken this quiz since the last reset